000 00877nam a2200217Ia 4500
001 15440
005 20260410160121.0
008 260306t2017||||xx |||||||||||||| ||und||
041 _aESP
082 _a540
_bCH518 2017
100 _aChang, Raymond
_eAUT
245 0 _aQuímica
260 _c2017
300 _axviii, 1109 páginas :
_c27 cm.
650 _aGEN
654 _aCCN
856 _uhttps://itmsp.museknowledge.com/UCSP?url=https://www.ebooks7-24.com:443/?il=9304&pg=1
_zVéase además: Química 1, por Mónica Elena Gutiérrez Franco. Versión digital
856 _uhttps://0u213vxxg-y-https-ebooks7--24-com.itmsp.museknowledge.com/biblioteca.aspx
_zVéase además: Base de datos Ebook7-24
856 _uhttps://0u20fvxy1-y-https-research-ebsco-com.itmsp.museknowledge.com/c/qxo6us/search
_zVéase además: Base de datos EBSCOhost
942 _cLIB
_dJUS
_fJUS
_2ddc
999 _c15440
_d15440